[Event "DEM U10 2024"]
[Site "Willingen GER"]
[Date "2024.05.25"]
[Round "11"]
[White "Steinbrenner, Peter"]
[Black "Pradeep, Harshill"]
[Result "1-0"]
[Termination "normal"]
[Board "1"]
[WhiteElo "1941"]
[BlackElo "1853"]
[WhiteClock "00:18:38"]
[BlackClock "00:33:09"]
[PlyCount "127"]
[WhiteFideId "34645535"]
[BlackFideId "34629513"]
[EventCountry "GER"]
[EventRounds "11"]
[EventType "swiss"]
[EventDate "2024.05.18"]

1. e4 {[%clk 01:15:57]} {[%emt 00:00:02]} e5 {[%clk 01:15:56]} {[%emt
00:00:05]} 2. Nf3 {[%clk 01:16:23]} {[%emt 00:00:04]} Nc6 {[%clk 01:16:17]}
{[%emt 00:00:08]} 3. Bb5 {[%clk 01:16:37]} {[%emt 00:00:16]} a6 {[%clk
01:16:40]} {[%emt 00:00:08]} 4. Ba4 {[%clk 01:17:02]} {[%emt 00:00:05]} Nf6
{[%clk 01:17:05]} {[%emt 00:00:05]} 5. O-O {[%clk 01:17:15]} {[%emt 00:00:16]}
Bc5 {[%clk 01:17:21]} {[%emt 00:00:15]} 6. c3 {[%clk 01:16:24]} {[%emt
00:01:21]} b5 {[%clk 01:17:46]} {[%emt 00:00:05]} 7. Bc2 {[%clk 01:14:02]}
{[%emt 00:02:51]} d5 {[%clk 01:17:03]} {[%emt 00:01:14]} 8. d4 {[%clk
01:04:26]} {[%emt 00:10:05]} dxe4 {[%clk 01:17:01]} {[%emt 00:00:32]} 9. dxc5
{[%clk 00:59:40]} {[%emt 00:05:17]} Qxd1 {[%clk 01:16:33]} {[%emt 00:00:57]}
10. Rxd1 {[%clk 00:56:07]} {[%emt 00:04:03]} exf3 {[%clk 01:15:59]} {[%emt
00:01:04]} 11. gxf3 {[%clk 00:56:21]} {[%emt 00:00:16]} Bb7 {[%clk 01:11:33]}
{[%emt 00:04:56]} 12. Bg5 {[%clk 00:53:00]} {[%emt 00:03:50]} Nd8 {[%clk
01:02:05]} {[%emt 00:09:59]} 13. Re1 {[%clk 00:42:23]} {[%emt 00:11:07]} Ne6
{[%clk 01:01:26]} {[%emt 00:01:10]} 14. Rxe5 {[%clk 00:36:08]} {[%emt
00:06:45]} Nd7 {[%clk 00:59:13]} {[%emt 00:02:43]} 15. Re3 {[%clk 00:35:07]}
{[%emt 00:01:31]} O-O {[%clk 00:58:15]} {[%emt 00:01:27]} 16. Bh4 {[%clk
00:35:09]} {[%emt 00:00:29]} Ndxc5 {[%clk 00:57:25]} {[%emt 00:01:21]} 17. Nd2
{[%clk 00:34:46]} {[%emt 00:00:51]} Rae8 {[%clk 00:29:28]} {[%emt 00:28:29]}
18. Rae1 {[%clk 00:31:45]} {[%emt 00:03:30]} Bc8 {[%clk 00:25:41]} {[%emt
00:04:18]} 19. Ne4 {[%clk 00:24:54]} {[%emt 00:07:20]} Nb7 {[%clk 00:25:16]}
{[%emt 00:00:56]} 20. Ng5 {[%clk 00:19:44]} {[%emt 00:05:40]} h6 {[%clk
00:23:22]} {[%emt 00:02:23]} 21. Nh7 {[%clk 00:19:41]} {[%emt 00:00:33]} g5
{[%clk 00:20:55]} {[%emt 00:02:58]} 22. Nxf8 {[%clk 00:19:40]} {[%emt
00:00:31]} Rxf8 {[%clk 00:21:18]} {[%emt 00:00:07]} 23. Bg3 {[%clk 00:20:02]}
{[%emt 00:00:08]} f5 {[%clk 00:20:59]} {[%emt 00:00:48]} 24. Bb3 {[%clk
00:16:23]} {[%emt 00:04:09]} Nbc5 {[%clk 00:20:00]} {[%emt 00:01:29]} 25. Bxe6+
{[%clk 00:15:28]} {[%emt 00:01:25]} Nxe6 {[%clk 00:20:19]} {[%emt 00:00:11]}
26. Rxe6 {[%clk 00:14:55]} {[%emt 00:01:03]} Bxe6 {[%clk 00:20:35]} {[%emt
00:00:14]} 27. Rxe6 {[%clk 00:15:21]} {[%emt 00:00:04]} f4 {[%clk 00:20:59]}
{[%emt 00:00:06]} 28. Rxh6 {[%clk 00:15:31]} {[%emt 00:00:20]} fxg3 {[%clk
00:21:23]} {[%emt 00:00:06]} 29. hxg3 {[%clk 00:15:57]} {[%emt 00:00:04]} Rxf3
{[%clk 00:21:37]} {[%emt 00:00:16]} 30. Rxa6 {[%clk 00:16:11]} {[%emt
00:00:16]} Rf5 {[%clk 00:21:58]} {[%emt 00:00:09]} 31. Rc6 {[%clk 00:16:10]}
{[%emt 00:00:31]} Rf7 {[%clk 00:22:22]} {[%emt 00:00:06]} 32. Rc5 {[%clk
00:16:33]} {[%emt 00:00:07]} c6 {[%clk 00:22:43]} {[%emt 00:00:08]} 33. Rxg5+
{[%clk 00:16:52]} {[%emt 00:00:11]} Kh7 {[%clk 00:23:04]} {[%emt 00:00:10]} 34.
Rc5 {[%clk 00:17:08]} {[%emt 00:00:13]} Ra7 {[%clk 00:23:29]} {[%emt 00:00:05]}
35. Rxc6 {[%clk 00:17:00]} {[%emt 00:00:39]} Rxa2 {[%clk 00:23:53]} {[%emt
00:00:07]} 36. b4 {[%clk 00:17:19]} {[%emt 00:00:10]} Rc2 {[%clk 00:24:15]}
{[%emt 00:00:08]} 37. Rc5 {[%clk 00:17:32]} {[%emt 00:00:18]} Kg6 {[%clk
00:24:40]} {[%emt 00:00:05]} 38. Rxb5 {[%clk 00:17:40]} {[%emt 00:00:21]} Rxc3
{[%clk 00:25:04]} {[%emt 00:00:06]} 39. Kg2 {[%clk 00:18:01]} {[%emt 00:00:08]}
Rb3 {[%clk 00:25:27]} {[%emt 00:00:08]} 40. f4 {[%clk 00:18:20]} {[%emt
00:00:12]} Kf6 {[%clk 00:25:34]} {[%emt 00:00:23]} 41. Kh3 {[%clk 00:18:25]}
{[%emt 00:00:24]} Kg6 {[%clk 00:25:56]} {[%emt 00:00:08]} 42. Kg4 {[%clk
00:18:44]} {[%emt 00:00:10]} Rc3 {[%clk 00:26:17]} {[%emt 00:00:09]} 43. Rc5
{[%clk 00:18:37]} {[%emt 00:00:38]} Rb3 {[%clk 00:26:41]} {[%emt 00:00:06]} 44.
b5 {[%clk 00:19:02]} {[%emt 00:00:04]} Kg7 {[%clk 00:27:05]} {[%emt 00:00:06]}
45. Rc7+ {[%clk 00:18:38]} {[%emt 00:00:55]} Kf8 {[%clk 00:27:25]} {[%emt
00:00:09]} 46. Rc5 {[%clk 00:18:34]} {[%emt 00:00:34]} Kg7 {[%clk 00:27:47]}
{[%emt 00:00:08]} 47. Kh4 {[%clk 00:18:54]} {[%emt 00:00:10]} Rb1 {[%clk
00:28:11]} {[%emt 00:00:06]} 48. g4 {[%clk 00:19:11]} {[%emt 00:00:13]} Rb4
{[%clk 00:28:36]} {[%emt 00:00:05]} 49. Kg5 {[%clk 00:19:37]} {[%emt 00:00:04]}
Rb3 {[%clk 00:29:00]} {[%emt 00:00:07]} 50. f5 {[%clk 00:19:34]} {[%emt
00:00:33]} Rb4 {[%clk 00:29:16]} {[%emt 00:00:13]} 51. f6+ {[%clk 00:19:01]}
{[%emt 00:01:02]} Kf7 {[%clk 00:29:36]} {[%emt 00:00:10]} 52. Kf5 {[%clk
00:18:55]} {[%emt 00:00:36]} Rb1 {[%clk 00:29:59]} {[%emt 00:00:09]} 53. Rc7+
{[%clk 00:19:16]} {[%emt 00:00:09]} Ke8 {[%clk 00:30:09]} {[%emt 00:00:19]} 54.
f7+ {[%clk 00:18:41]} {[%emt 00:01:05]} Kd8 {[%clk 00:30:23]} {[%emt 00:00:16]}
55. f8=Q+ {[%clk 00:19:01]} {[%emt 00:00:11]} Kxc7 {[%clk 00:30:47]} {[%emt
00:00:05]} 56. Qe7+ {[%clk 00:19:02]} {[%emt 00:00:29]} Kb6 {[%clk 00:31:07]}
{[%emt 00:00:11]} 57. Qd6+ {[%clk 00:19:24]} {[%emt 00:00:06]} Ka5 {[%clk
00:31:30]} {[%emt 00:00:08]} 58. Qc7+ {[%clk 00:19:00]} {[%emt 00:00:54]} Kb4
{[%clk 00:31:53]} {[%emt 00:00:08]} 59. b6 {[%clk 00:19:14]} {[%emt 00:00:14]}
Kb5 {[%clk 00:32:12]} {[%emt 00:00:13]} 60. b7 {[%clk 00:19:27]} {[%emt
00:00:16]} Ka6 {[%clk 00:32:38]} {[%emt 00:00:04]} 61. Qc8 {[%clk 00:18:08]}
{[%emt 00:02:01]} Rb5+ {[%clk 00:32:40]} {[%emt 00:00:28]} 62. Kg6 {[%clk
00:18:18]} {[%emt 00:00:18]} Rb6 {[%clk 00:32:44]} {[%emt 00:00:28]} 63. Kh5
{[%clk 00:18:26]} {[%emt 00:00:21]} Rb5+ {[%clk 00:33:09]} {[%emt 00:00:06]}
64. g5 {[%clk 00:18:38]} {[%emt 00:00:19]} 1-0

[Event "DEM U10 2024"]
[Site "Willingen GER"]
[Date "2024.05.25"]
[Round "11"]
[White "Meitzner, Jonathan Franz"]
[Black "Gusev, Daniil"]
[Result "1-0"]
[Termination "normal"]
[Board "2"]
[WhiteElo "1730"]
[BlackElo "1740"]
[WhiteClock "00:07:42"]
[BlackClock "00:06:04"]
[PlyCount "111"]
[WhiteFideId "34616110"]
[BlackFideId "55683886"]
[EventCountry "GER"]
[EventRounds "11"]
[EventType "swiss"]
[EventDate "2024.05.18"]

1. e4 {[%clk 01:15:56]} {[%emt 00:00:03]} c5 {[%clk 01:15:57]} {[%emt
00:00:04]} 2. Nf3 {[%clk 01:16:22]} {[%emt 00:00:04]} a6 {[%clk 01:16:11]}
{[%emt 00:00:16]} 3. d4 {[%clk 01:16:21]} {[%emt 00:00:30]} cxd4 {[%clk
01:16:34]} {[%emt 00:00:08]} 4. Nxd4 {[%clk 01:16:19]} {[%emt 00:00:33]} Nf6
{[%clk 01:16:52]} {[%emt 00:00:11]} 5. Bd3 {[%clk 01:15:50]} {[%emt 00:00:58]}
e5 {[%clk 01:16:46]} {[%emt 00:00:37]} 6. Nf3 {[%clk 01:09:15]} {[%emt
00:07:05]} d5 {[%clk 01:15:12]} {[%emt 00:02:04]} 7. Qe2 {[%clk 01:06:44]}
{[%emt 00:03:01]} d4 {[%clk 01:14:26]} {[%emt 00:01:16]} 8. O-O {[%clk
01:05:07]} {[%emt 00:02:08]} Qc7 {[%clk 01:09:01]} {[%emt 00:05:56]} 9. h3
{[%clk 01:04:47]} {[%emt 00:00:50]} Nbd7 {[%clk 01:08:47]} {[%emt 00:00:44]}
10. Nbd2 {[%clk 00:59:44]} {[%emt 00:05:33]} Bb4 {[%clk 01:05:17]} {[%emt
00:04:00]} 11. Nb3 {[%clk 00:56:46]} {[%emt 00:03:28]} O-O {[%clk 00:59:27]}
{[%emt 00:06:19]} 12. Bg5 {[%clk 00:50:03]} {[%emt 00:07:13]} Be7 {[%emt
00:13:26]} 13. Nbxd4 {[%clk 00:35:14]} {[%emt 00:15:17]} exd4 {[%clk 00:40:21]}
{[%emt 00:06:42]} 14. e5 {[%clk 00:35:01]} {[%emt 00:00:43]} Nxe5 {[%clk
00:34:53]} {[%emt 00:05:57]} 15. Qxe5 {[%clk 00:34:20]} {[%emt 00:01:11]} Qxe5
{[%clk 00:35:00]} {[%emt 00:00:24]} 16. Nxe5 {[%clk 00:34:43]} {[%emt
00:00:07]} h6 {[%clk 00:35:19]} {[%emt 00:00:11]} 17. Bh4 {[%clk 00:34:18]}
{[%emt 00:00:51]} g5 {[%clk 00:34:15]} {[%emt 00:01:37]} 18. Bg3 {[%clk
00:34:15]} {[%emt 00:00:33]} Nd5 {[%clk 00:33:24]} {[%emt 00:01:22]} 19. Bc4
{[%clk 00:33:30]} {[%emt 00:01:16]} Be6 {[%clk 00:22:57]} {[%emt 00:10:57]} 20.
Bxd5 {[%clk 00:33:13]} {[%emt 00:00:46]} Bxd5 {[%clk 00:23:09]} {[%emt
00:00:17]} 21. Nd7 {[%clk 00:33:24]} {[%emt 00:00:19]} Rac8 {[%clk 00:17:19]}
{[%emt 00:06:20]} 22. Nxf8 {[%clk 00:33:01]} {[%emt 00:00:53]} Bxf8 {[%clk
00:17:38]} {[%emt 00:00:11]} 23. Be5 {[%clk 00:32:52]} {[%emt 00:00:39]} Bg7
{[%clk 00:17:13]} {[%emt 00:00:56]} 24. Bxg7 {[%clk 00:32:57]} {[%emt
00:00:24]} Kxg7 {[%clk 00:17:37]} {[%emt 00:00:06]} 25. Rfd1 {[%clk 00:32:57]}
{[%emt 00:00:30]} Rxc2 {[%clk 00:17:46]} {[%emt 00:00:20]} 26. Rxd4 {[%clk
00:33:23]} {[%emt 00:00:04]} Bc6 {[%clk 00:15:26]} {[%emt 00:02:50]} 27. Rb1
{[%clk 00:31:15]} {[%emt 00:02:39]} Kf6 {[%clk 00:14:49]} {[%emt 00:01:07]} 28.
Rd6+ {[%clk 00:30:56]} {[%emt 00:00:49]} Kg7 {[%clk 00:15:10]} {[%emt
00:00:08]} 29. a3 {[%clk 00:30:44]} {[%emt 00:00:43]} a5 {[%clk 00:11:55]}
{[%emt 00:03:45]} 30. b4 {[%clk 00:25:51]} {[%emt 00:05:22]} axb4 {[%clk
00:11:42]} {[%emt 00:00:43]} 31. axb4 {[%clk 00:26:04]} {[%emt 00:00:17]} b5
{[%clk 00:08:47]} {[%emt 00:03:25]} 32. Rbd1 {[%clk 00:19:37]} {[%emt
00:06:57]} Rc4 {[%clk 00:07:25]} {[%emt 00:01:52]} 33. R1d4 {[%clk 00:17:58]}
{[%emt 00:02:09]} Rc1+ {[%clk 00:07:42]} {[%emt 00:00:13]} 34. Kh2 {[%clk
00:17:38]} {[%emt 00:00:50]} Rc2 {[%clk 00:08:06]} {[%emt 00:00:07]} 35. Rd2
{[%clk 00:16:36]} {[%emt 00:01:32]} Rc4 {[%clk 00:08:18]} {[%emt 00:00:17]} 36.
R6d4 {[%clk 00:16:36]} {[%emt 00:00:30]} Rc1 {[%clk 00:08:16]} {[%emt
00:00:32]} 37. Rd8 {[%clk 00:15:38]} {[%emt 00:01:27]} Rb1 {[%clk 00:07:22]}
{[%emt 00:01:24]} 38. Rc8 {[%clk 00:13:57]} {[%emt 00:02:11]} Be4 {[%clk
00:07:42]} {[%emt 00:00:09]} 39. Rd4 {[%clk 00:13:54]} {[%emt 00:00:34]} Bb7
{[%clk 00:06:48]} {[%emt 00:01:24]} 40. Rb8 {[%clk 00:14:04]} {[%emt 00:00:20]}
Bc6 {[%clk 00:06:57]} {[%emt 00:00:21]} 41. Rb6 {[%clk 00:13:47]} {[%emt
00:00:48]} Rc1 {[%clk 00:07:03]} {[%emt 00:00:24]} 42. Rd6 {[%clk 00:12:39]}
{[%emt 00:01:38]} Be4 {[%clk 00:06:40]} {[%emt 00:00:52]} 43. f3 {[%clk
00:10:44]} {[%emt 00:02:24]} Bg6 {[%clk 00:06:28]} {[%emt 00:00:42]} 44. Rxb5
{[%clk 00:11:08]} {[%emt 00:00:07]} Rb1 {[%clk 00:06:47]} {[%emt 00:00:11]} 45.
Rb8 {[%clk 00:11:06]} {[%emt 00:00:31]} Rb2 {[%clk 00:06:59]} {[%emt 00:00:19]}
46. b5 {[%clk 00:11:18]} {[%emt 00:00:18]} Bh5 {[%clk 00:06:46]} {[%emt
00:00:42]} 47. Kg3 {[%clk 00:10:11]} {[%emt 00:01:37]} Bg6 {[%clk 00:06:54]}
{[%emt 00:00:23]} 48. b6 {[%clk 00:09:41]} {[%emt 00:01:00]} h5 {[%clk
00:07:16]} {[%emt 00:00:07]} 49. b7 {[%clk 00:06:59]} {[%emt 00:03:12]} h4+
{[%clk 00:07:41]} {[%emt 00:00:06]} 50. Kh2 {[%clk 00:07:14]} {[%emt 00:00:14]}
Bh5 {[%clk 00:07:57]} {[%emt 00:00:13]} 51. Kg1 {[%clk 00:07:07]} {[%emt
00:00:37]} Bg6 {[%clk 00:07:05]} {[%emt 00:01:23]} 52. Rd7 {[%clk 00:06:46]}
{[%emt 00:00:51]} Rb1+ {[%clk 00:07:29]} {[%emt 00:00:06]} 53. Kh2 {[%clk
00:06:53]} {[%emt 00:00:23]} Bf5 {[%clk 00:06:45]} {[%emt 00:01:14]} 54. Rc7
{[%clk 00:07:09]} {[%emt 00:00:14]} Be6 {[%clk 00:05:51]} {[%emt 00:01:24]} 55.
Rd8 {[%clk 00:07:17]} {[%emt 00:00:21]} Rxb7 {[%clk 00:06:04]} {[%emt
00:00:18]} 56. Rxb7 {[%clk 00:07:42]} {[%emt 00:00:05]} 1-0

[Event "DEM U10 2024"]
[Site "Willingen GER"]
[Date "2024.05.25"]
[Round "11"]
[White "Shivkumar, Shreyas"]
[Black "Aguike, Toshiya"]
[Result "0-1"]
[Termination "normal"]
[Board "3"]
[WhiteElo "1728"]
[BlackElo "1786"]
[WhiteClock "00:50:59"]
[BlackClock "00:49:24"]
[PlyCount "74"]
[WhiteFideId "34638407"]
[BlackFideId "34611347"]
[EventCountry "GER"]
[EventRounds "11"]
[EventType "swiss"]
[EventDate "2024.05.18"]

1. d4 {[%clk 01:15:58]} {[%emt 00:00:01]} Nf6 {[%clk 01:15:49]} {[%emt
00:00:11]} 2. Nc3 {[%clk 01:16:06]} {[%emt 00:00:22]} e6 {[%clk 01:16:14]}
{[%emt 00:00:06]} 3. Bg5 {[%clk 01:15:38]} {[%emt 00:00:58]} d5 {[%clk
01:16:22]} {[%emt 00:00:22]} 4. Nf3 {[%clk 01:15:50]} {[%emt 00:00:19]} h6
{[%clk 01:16:36]} {[%emt 00:00:15]} 5. Bh4 {[%clk 01:15:52]} {[%emt 00:00:29]}
c5 {[%clk 01:16:51]} {[%emt 00:00:15]} 6. e3 {[%clk 01:16:01]} {[%emt
00:00:21]} Nc6 {[%clk 01:16:53]} {[%emt 00:00:26]} 7. Bg3 {[%clk 01:16:06]}
{[%emt 00:00:27]} c4 {[%clk 01:16:56]} {[%emt 00:00:28]} 8. Be2 {[%clk
01:15:42]} {[%emt 00:00:53]} Bd6 {[%clk 01:16:58]} {[%emt 00:00:25]} 9. Qd2
{[%clk 01:15:12]} {[%emt 00:01:03]} Bb4 {[%clk 01:16:42]} {[%emt 00:00:45]} 10.
O-O {[%clk 01:13:05]} {[%emt 00:02:38]} Ne4 {[%clk 01:17:06]} {[%emt 00:00:05]}
11. Qd1 {[%clk 01:13:07]} {[%emt 00:00:28]} Bxc3 {[%clk 01:17:03]} {[%emt
00:00:33]} 12. bxc3 {[%clk 01:13:32]} {[%emt 00:00:06]} Nxc3 {[%clk 01:17:27]}
{[%emt 00:00:05]} 13. Qd2 {[%clk 01:13:52]} {[%emt 00:00:07]} Ne4 {[%clk
01:17:49]} {[%emt 00:00:11]} 14. Qd1 {[%clk 01:14:00]} {[%emt 00:00:21]} O-O
{[%clk 01:17:31]} {[%emt 00:00:49]} 15. Ne5 {[%clk 01:14:01]} {[%emt 00:00:30]}
Nxe5 {[%clk 01:17:11]} {[%emt 00:00:49]} 16. Bxe5 {[%clk 01:14:11]} {[%emt
00:00:20]} f6 {[%clk 01:17:34]} {[%emt 00:00:07]} 17. Bg3 {[%emt 00:02:44]} f5
{[%clk 01:10:20]} {[%emt 00:05:22]} 18. Be5 {[%clk 01:12:22]} {[%emt 00:02:27]}
Bd7 {[%clk 01:04:57]} {[%emt 00:05:51]} 19. f3 {[%clk 01:09:49]} {[%emt
00:03:06]} Ng5 {[%clk 01:04:51]} {[%emt 00:00:34]} 20. Qe1 {[%clk 01:09:17]}
{[%emt 00:01:04]} Nf7 {[%clk 01:04:44]} {[%emt 00:00:36]} 21. f4 {[%clk
01:09:19]} {[%emt 00:00:28]} Nxe5 {[%clk 01:04:57]} {[%emt 00:00:16]} 22. fxe5
{[%clk 01:09:41]} {[%emt 00:00:09]} Qg5 {[%clk 01:04:59]} {[%emt 00:00:27]} 23.
Rf3 {[%clk 01:09:47]} {[%emt 00:00:24]} f4 {[%clk 01:04:20]} {[%emt 00:01:07]}
24. Qb4 {[%clk 01:07:42]} {[%emt 00:02:38]} fxe3 {[%clk 01:03:13]} {[%emt
00:01:37]} 25. Qxb7 {[%clk 01:05:16]} {[%emt 00:02:56]} Rxf3 {[%clk 01:02:54]}
{[%emt 00:00:49]} 26. Bxf3 {[%clk 01:03:39]} {[%emt 00:02:07]} Rd8 {[%clk
00:59:57]} {[%emt 00:03:25]} 27. Qxa7 {[%clk 00:57:10]} {[%emt 00:07:01]} e2
{[%clk 00:59:59]} {[%emt 00:00:27]} 28. Kf2 {[%clk 00:56:48]} {[%emt 00:00:52]}
Qh4+ {[%clk 00:54:50]} {[%emt 00:05:39]} 29. Kxe2 {[%clk 00:56:57]} {[%emt
00:00:22]} Qxh2 {[%clk 00:53:54]} {[%emt 00:01:25]} 30. a4 {[%clk 00:54:32]}
{[%emt 00:02:56]} Qh4 {[%clk 00:53:40]} {[%emt 00:00:42]} 31. a5 {[%clk
00:54:00]} {[%emt 00:01:05]} g5 {[%clk 00:49:24]} {[%emt 00:04:45]} 32. Qa6
{[%clk 00:52:42]} {[%emt 00:01:48]} Qxd4 {[%clk 00:48:10]} {[%emt 00:01:44]}
33. Rh1 {[%clk 00:52:11]} {[%emt 00:01:00]} Qxe5+ {[%clk 00:48:25]} {[%emt
00:00:15]} 34. Kf2 {[%clk 00:52:25]} {[%emt 00:00:12]} Qd4+ {[%clk 00:48:42]}
{[%emt 00:00:16]} 35. Kg3 {[%clk 00:52:31]} {[%emt 00:00:25]} Qf4+ {[%clk
00:49:06]} {[%emt 00:00:04]} 36. Kf2 {[%clk 00:52:56]} {[%emt 00:00:06]} g4
{[%clk 00:49:00]} {[%emt 00:00:37]} 37. Rh4 {[%clk 00:50:59]} {[%emt 00:02:26]}
g3+ {[%clk 00:49:24]} {[%emt 00:00:07]} 0-1

[Event "DEM U10 2024"]
[Site "Willingen GER"]
[Date "2024.05.25"]
[Round "11"]
[White "Chakhalov, Mikael"]
[Black "Grimm, Jakob"]
[Result "1-0"]
[Termination "normal"]
[Board "4"]
[WhiteElo "1747"]
[BlackElo "1681"]
[WhiteClock "00:44:31"]
[BlackClock "00:58:28"]
[PlyCount "81"]
[WhiteFideId "34644458"]
[BlackFideId "34635645"]
[EventCountry "GER"]
[EventRounds "11"]
[EventType "swiss"]
[EventDate "2024.05.18"]

1. c4 {[%clk 01:15:33]} {[%emt 00:00:26]} e5 {[%clk 01:15:46]} {[%emt
00:00:14]} 2. Nc3 {[%clk 01:15:41]} {[%emt 00:00:22]} Nf6 {[%clk 01:16:10]}
{[%emt 00:00:07]} 3. g3 {[%clk 01:15:35]} {[%emt 00:00:36]} d5 {[%clk
01:16:34]} {[%emt 00:00:06]} 4. cxd5 {[%clk 01:15:50]} {[%emt 00:00:16]} Nxd5
{[%clk 01:17:02]} {[%emt 00:00:01]} 5. Bg2 {[%clk 01:16:00]} {[%emt 00:00:19]}
Be6 {[%clk 01:17:15]} {[%emt 00:00:18]} 6. Nf3 {[%clk 01:16:04]} {[%emt
00:00:26]} f6 {[%clk 01:17:24]} {[%emt 00:00:21]} 7. O-O {[%clk 01:15:59]}
{[%emt 00:00:34]} Nc6 {[%clk 01:17:49]} {[%emt 00:00:05]} 8. Re1 {[%clk
01:16:09]} {[%emt 00:00:20]} Qd7 {[%clk 01:18:10]} {[%emt 00:00:10]} 9. e3
{[%clk 01:16:16]} {[%emt 00:00:23]} O-O-O {[%clk 01:18:24]} {[%emt 00:00:16]}
10. d4 {[%clk 01:16:15]} {[%emt 00:00:30]} Nb6 {[%clk 01:16:54]} {[%emt
00:02:01]} 11. dxe5 {[%clk 01:15:28]} {[%emt 00:01:16]} Qf7 {[%clk 01:14:46]}
{[%emt 00:02:38]} 12. Qc2 {[%clk 01:15:26]} {[%emt 00:00:31]} fxe5 {[%clk
01:14:43]} {[%emt 00:00:34]} 13. Ng5 {[%clk 01:15:20]} {[%emt 00:00:35]} Qe7
{[%clk 01:14:20]} {[%emt 00:00:54]} 14. Nxe6 {[%clk 01:15:32]} {[%emt
00:00:19]} Qxe6 {[%clk 01:14:43]} {[%emt 00:00:07]} 15. a3 {[%clk 01:14:44]}
{[%emt 00:01:18]} Be7 {[%clk 01:13:33]} {[%emt 00:01:40]} 16. b4 {[%clk
01:10:40]} {[%emt 00:04:34]} Bf6 {[%clk 01:11:28]} {[%emt 00:02:35]} 17. Ne4
{[%clk 01:09:45]} {[%emt 00:01:17]} Qc4 {[%clk 01:09:03]} {[%emt 00:03:03]} 18.
Qxc4 {[%clk 01:02:49]} {[%emt 00:07:25]} Nxc4 {[%clk 01:08:53]} {[%emt
00:00:41]} 19. Bf1 {[%clk 01:02:03]} {[%emt 00:01:15]} Nb6 {[%clk 01:07:59]}
{[%emt 00:01:24]} 20. Bd2 {[%clk 00:58:44]} {[%emt 00:03:49]} Be7 {[%clk
01:07:07]} {[%emt 00:01:22]} 21. Bh3+ {[%clk 00:57:43]} {[%emt 00:01:31]} Kb8
{[%clk 01:07:17]} {[%emt 00:00:20]} 22. b5 {[%clk 00:58:07]} {[%emt 00:00:06]}
Nc4 {[%clk 01:07:28]} {[%emt 00:00:19]} 23. Bc3 {[%clk 00:58:24]} {[%emt
00:00:13]} N6a5 {[%clk 01:07:50]} {[%emt 00:00:08]} 24. a4 {[%clk 00:56:21]}
{[%emt 00:02:33]} Nb3 {[%clk 01:06:50]} {[%emt 00:01:31]} 25. Rab1 {[%clk
00:55:40]} {[%emt 00:01:06]} Nbd2 {[%clk 01:07:08]} {[%emt 00:00:16]} 26. Nxd2
{[%clk 00:53:44]} {[%emt 00:02:27]} Nxd2 {[%clk 01:07:01]} {[%emt 00:00:37]}
27. Bxd2 {[%clk 00:53:42]} {[%emt 00:00:32]} Rxd2 {[%clk 01:07:22]} {[%emt
00:00:08]} 28. Rbc1 {[%clk 00:53:40]} {[%emt 00:00:30]} Rhd8 {[%clk 01:07:28]}
{[%emt 00:00:26]} 29. Rc4 {[%clk 00:53:17]} {[%emt 00:00:53]} Ra2 {[%clk
01:07:38]} {[%emt 00:00:21]} 30. Rec1 {[%clk 00:53:27]} {[%emt 00:00:20]} Bd6
{[%clk 01:06:48]} {[%emt 00:01:20]} 31. R1c2 {[%clk 00:50:34]} {[%emt
00:03:23]} Ra3 {[%clk 01:05:59]} {[%emt 00:01:19]} 32. Bf5 {[%clk 00:48:52]}
{[%emt 00:02:11]} g6 {[%clk 01:06:11]} {[%emt 00:00:18]} 33. Be4 {[%clk
00:47:23]} {[%emt 00:01:59]} b6 {[%clk 01:01:31]} {[%emt 00:05:10]} 34. Kg2
{[%clk 00:47:03]} {[%emt 00:00:51]} Bc5 {[%clk 01:00:37]} {[%emt 00:01:24]} 35.
Kh3 {[%clk 00:45:56]} {[%emt 00:01:37]} Rg8 {[%clk 00:59:38]} {[%emt 00:01:28]}
36. Rd2 {[%clk 00:45:11]} {[%emt 00:01:15]} Kc8 {[%clk 00:59:39]} {[%emt
00:00:29]} 37. Bc6 {[%clk 00:44:30]} {[%emt 00:01:12]} Bd6 {[%clk 00:58:59]}
{[%emt 00:01:10]} 38. Rxd6 {[%clk 00:44:47]} {[%emt 00:00:13]} Rf8 {[%clk
00:58:14]} {[%emt 00:01:15]} 39. Re6 {[%clk 00:44:34]} {[%emt 00:00:43]} Ra2
{[%clk 00:58:04]} {[%emt 00:00:40]} 40. Rxe5 {[%clk 00:44:09]} {[%emt
00:00:54]} Raxf2 {[%clk 00:58:28]} {[%emt 00:00:06]} 41. Rce4 {[%clk 00:44:31]}
{[%emt 00:00:09]} 1-0